Statistics for Snowiest Major U.S. Cities

Click here to take the quiz!

General Stats

  • This quiz has been taken 417 times
  • The average score is 11 of 18

Answer Stats

Snowfall (in/yr)City% Correct
43.8Boston
90%
42.5Detroit
89%
54.4Minneapolis
89%
53.8Denver
85%
94.7Buffalo
84%
46.9Milwaukee
82%
68.1Cleveland
78%
41.4Pittsburgh
74%
82.1Anchorage
73%
56.2Salt Lake City
69%
99.5Rochester
63%
50.9Madison
58%
37.8Colorado Springs
49%
74.9Grand Rapids
46%
37.6Toledo
34%
44.9Spokane
29%
47.5Akron
21%
64.1Worcester
18%

Score Distribution

Percentile by Number Answered

Percent of People with Each Score

Your Score History

You have not taken this quiz